[Event "1st SCS GM Open"]
[Site "Bhubaneswar IND"]
[Date "2009.06.08"]
[Round "2"]
[White "Roy,Pr"]
[Black "Fominyh,A"]
[Result "1-0"]
[WhiteElo "2194"]
[BlackElo "2485"]

1.d4 Nf6 2.Nf3 e6 3.c4 Bb4+ 4.Bd2 a5 5.a3 Be7 6.Nc3 d5 7.e3 O-O 8.Qc2 c5
9.Bd3 Nc6 10.cxd5 exd5 11.dxc5 Bxc5 12.Nb5 Qe7 13.O-O Bg4 14.Nfd4 Ne5 15.Bf5 Bh5
16.Rfc1 Bb6 17.Nc7 Rad8 18.Ncb5 Ne4 19.Be1 Bg6 20.Bxg6 hxg6 21.b4 Nc4 22.bxa5 Bxa5
23.Bxa5 Nxa5 24.Qc7 Qxc7 25.Rxc7 Rc8 26.Rac1 Nc4 27.Rxb7 Nxa3 28.Nc7 Rfd8
29.f3 Nf6 30.Nc6 Rd7 31.Nxd5 Rxb7 32.Nce7+ Kh7 33.Nxf6+ gxf6 34.Nxc8 Kg7
35.Nd6 Rb6 36.Ne4 Re6 37.Kf2 Nb5 38.Rc5 Nd6 39.Nxd6 Rxd6 40.f4 f5 41.Kf3 Rd1
42.Rc2 Rf1+ 43.Rf2 Rh1 44.h3 Kf6 45.Ke2 Kg7 46.Rf1  1-0

[Event "FSIMA June"]
[Site "Budapest HUN"]
[Date "2009.06.08"]
[Round "3"]
[White "Platzgummer,F"]
[Black "Magyar,O"]
[Result "1-0"]
[WhiteElo "2285"]
[BlackElo "2296"]

1.d4 Nf6 2.c4 e6 3.Nf3 Bb4+ 4.Bd2 Qe7 5.g3 Nc6 6.Nc3 O-O 7.Bg2 d6 8.O-O a5
9.Rc1 h6 10.a3 Bxc3 11.Bxc3 a4 12.d5 Nd8 13.Ne1 e5 14.Nd3 b6 15.Nxe5 Re8
16.Re1 Qf8 17.Nd3 Ne4 18.Bd4 f5 19.f3 Nc5 20.Nxc5 bxc5 21.Bc3 f4 22.Qd2 g5
23.e3 fxe3 24.Rxe3 Rxe3 25.Qxe3 Bd7 26.Re1 Nf7 27.Qe4  1-0

[Event "Maia Chiburdanidze Cup"]
[Site "Tbilisi GEO"]
[Date "2009.06.08"]
[Round "4"]
[White "Dzagnidze,N"]
[Black "Khukhashvili,S"]
[Result "1-0"]
[WhiteElo "2541"]
[BlackElo "2424"]

1.d4 e6 2.c4 Nf6 3.Nf3 Bb4+ 4.Bd2 Qe7 5.g3 Nc6 6.Bg2 O-O 7.O-O Bxd2 8.Qxd2 d5
9.Na3 Rd8 10.Rfd1 Bd7 11.Rac1 Be8 12.Ne5 a5 13.f4 Nb4 14.b3 Ne4 15.Qb2 f6
16.Nd3 Bg6 17.Bxe4 Bxe4 18.Nc5 c6 19.Nxe4 dxe4 20.Nc2 c5 21.Kg2 b6 22.a3 Nxc2
23.Rxc2 e3 24.Rcc1 Qb7+ 25.Kg1 h5 26.h4 g5 27.dxc5 Kf7 28.fxg5 fxg5 29.Rf1+ Kg8
30.Qf6 Rf8 31.Qxg5+ Qg7 32.Rxf8+ Rxf8 33.cxb6  1-0

[Event "TCh-BUL w"]
[Site "Sunny Beach BUL"]
[Date "2009.06.10"]
[Round "3"]
[White "Djingarova,E"]
[Black "Koen,M"]
[Result "1-0"]
[WhiteElo "2334"]
[BlackElo "2114"]

1.d4 Nf6 2.c4 e6 3.Nf3 Bb4+ 4.Bd2 a5 5.Nc3 b6 6.g3 Bb7 7.Bg2 O-O 8.O-O h6
9.Qc2 Be7 10.e4 d6 11.e5 Nfd7 12.exd6 cxd6 13.Ng5 Bxg5 14.Bxb7 Ra7 15.Bg2 Bxd2
16.Nb5 Rc7 17.Nxc7 Qxc7 18.Qxd2 Qxc4 19.Rfc1 Qa6 20.Rc7 b5 21.Rac1 d5 22.Bf1 Nb6
23.b3 Nc8 24.Bxb5 Qxb5 25.Rxc8 Na6 26.Rxf8+ Kxf8 27.Qc3 Ke7 28.Qc8 Qe2 29.a3 e5
30.Qb7+ Kf6 31.Rc6+ Kf5 32.Qxa6  1-0

[Event "Maia Chiburdanidze Cup"]
[Site "Tbilisi GEO"]
[Date "2009.06.10"]
[Round "6"]
[White "Lomineishvili,M"]
[Black "Imnadze,Na"]
[Result "1-0"]
[WhiteElo "2447"]
[BlackElo "1885"]

1.d4 Nf6 2.c4 e6 3.Nf3 Bb4+ 4.Bd2 Qe7 5.g3 Nc6 6.Bg2 Bxd2+ 7.Nbxd2 O-O 8.O-O d6
9.e4 e5 10.d5 Nb8 11.b4 Bd7 12.Ne1 a5 13.a3 axb4 14.axb4 Na6 15.Nd3 c6 16.Qb3 cxd5
17.cxd5 Bb5 18.Nc4 Rac8 19.Rfc1 Nd7 20.Ndb2 Rc7 21.Na3 Rfc8 22.Rxc7 Nxc7
23.Rc1 Nb6 24.Qe3 Na4 25.Nxb5 Nxb2 26.Qb3 Qd7 27.Rxc7 Rxc7 28.Nxc7 Na4 29.Bh3  1-0

[Event "13th Open"]
[Site "Voronezh RUS"]
[Date "2009.06.12"]
[Round "1"]
[White "Korotylev,A"]
[Black "Airapetian,G"]
[Result "1-0"]
[WhiteElo "2607"]
[BlackElo "2369"]

1.d4 e6 2.c4 Nf6 3.Nf3 Bb4+ 4.Bd2 c5 5.Bxb4 cxb4 6.e3 O-O 7.Be2 d6 8.O-O a5
9.a3 Na6 10.Nbd2 Qc7 11.Qb1 b6 12.Ne4 Nxe4 13.Qxe4 Bb7 14.Qh4 Rfe8 15.Rac1 Qe7
16.Qg3 Rec8 17.Nd2 bxa3 18.bxa3 Nb8 19.e4 e5 20.d5 Ba6 21.Rb1 Qa7 22.Rfc1 Rc7
23.Nf1 Bc8 24.Ne3 Kh8 25.h4 f6 26.Bg4 Bxg4 27.Qxg4 Rf7 28.c5 bxc5 29.Nc4 f5
30.exf5 Qc7 31.Rb6 Nd7 32.Rc6  1-0

[Event "1st SCS GM Open"]
[Site "Bhubaneswar IND"]
[Date "2009.06.13"]
[Round "9"]
[White "Shetty,R"]
[Black "Venkatesh,M"]
[Result "0-1"]
[WhiteElo "2302"]
[BlackElo "2432"]

1.d4 Nf6 2.Nf3 e6 3.c4 Bb4+ 4.Bd2 a5 5.Nc3 b6 6.e3 Bb7 7.Bd3 O-O 8.O-O d5
9.cxd5 exd5 10.Ne5 Nbd7 11.f4 Bxc3 12.Bxc3 Ne4 13.Be1 f6 14.Bxe4 fxe5 15.Qb3 c6
16.Bc2 e4 17.Qa3 Kh8 18.b4 axb4 19.Qxb4 Qf6 20.Bc3 Rf7 21.a4 Ba6 22.Rf2 Bc4
23.a5 bxa5 24.Rxa5 Rb8 25.Qa3 Qd8 26.Ra7 Qb6 27.h3 Kg8 28.Kh2 Nf6 29.Rxf7 Kxf7
30.g4 Ne8 31.g5 Qa6 32.Qc5 Rb5 33.Qxb5  0-1

[Event "XXVII Open A"]
[Site "Balatonlelle HUN"]
[Date "2009.06.15"]
[Round "3"]
[White "Eltigani,O"]
[Black "Pataki,G"]
[Result "0-1"]
[WhiteElo "2171"]
[BlackElo "2313"]

1.d4 Nf6 2.c4 e6 3.Nf3 Bb4+ 4.Bd2 Qe7 5.g3 Nc6 6.Bg2 Bxd2+ 7.Nbxd2 O-O 8.O-O d6
9.e4 e5 10.d5 Nb8 11.b4 a5 12.a3 Na6 13.Qb3 Bg4 14.Rfc1 Nd7 15.Ne1 Rfb8 16.Nf1 axb4
17.axb4 c5 18.Ne3 Bh5 19.b5 Nb4 20.Nf5 Qf8 21.Nd3 Nxd3 22.Qxd3 Bg6 23.Ne3 Nb6
24.f4 exf4 25.gxf4 Qe7 26.Nf1 Rxa1 27.Rxa1 Qf6 28.Ra7 Qxf4 29.Nd2 h6 30.Nb3 f5
31.Na5 fxe4 32.Qc3 e3 33.Qe1 Rf8 34.h3 Be4 35.Bxe4 Qxe4 36.Rxb7 Qg6+ 37.Kh1 Rf2
38.Qg1 Qe4+  0-1

[Event "zt 2.5"]
[Site "Asuncion PAR"]
[Date "2009.06.18"]
[Round "9"]
[White "Pierrot,Fac"]
[Black "Del Puerto,R"]
[Result "1-0"]
[WhiteElo "2424"]
[BlackElo "2090"]

1.d4 Nf6 2.Nf3 e6 3.c4 Bb4+ 4.Bd2 Qe7 5.g3 Nc6 6.Bg2 Ne4 7.O-O Bxd2 8.Nbxd2 Nxd2
9.Qxd2 O-O 10.d5 Nb8 11.d6 cxd6 12.Rfd1 a5 13.Qxd6 Qxd6 14.Rxd6 Ra6 15.Rad1 Rxd6
16.Rxd6 Rd8 17.Ne5 Kf8 18.Rb6 Nc6 19.Nd3 Ke7 20.Nc5 Kd6 21.Nxb7+ Bxb7 22.Rxb7 Kc5
23.b3 a4 24.Rb5+ Kd4 25.Bxc6 dxc6 26.Rb7 axb3 27.axb3 Rf8 28.Kg2 h6 29.h4 g5
30.h5 c5 31.Kf3 f5 32.Rc7 Kc3 33.Rxc5 Kxb3 34.Rc7 e5 35.Rc6 Kc3 36.Rxh6 Kxc4
37.Rg6 g4+ 38.Ke3 Kd5 39.h6 Rh8 40.Rf6 Rh7 41.f3 gxf3 42.exf3 Rh8 43.Rxf5 Rxh6
44.f4 Re6 45.Kf3 Kd4 46.Rxe5 Rxe5 47.fxe5 Kxe5 48.Kg4 Kf6 49.Kh5 Kf7 50.Kh6 Kf8
51.Kg6 Kg8 52.g4 Kh8 53.g5 Kg8 54.Kh6  1-0

[Event "Open"]
[Site "Teplice CZE"]
[Date "2009.06.18"]
[Round "6"]
[White "Horak,Ji1"]
[Black "Jurcik,Mart"]
[Result "0-1"]
[WhiteElo "2261"]
[BlackElo "2331"]

1.d4 Nf6 2.Nf3 e6 3.c4 Bb4+ 4.Bd2 Qe7 5.a3 Bxd2+ 6.Nbxd2 d6 7.e4 e5 8.d5 O-O
9.g3 a5 10.b3 Na6 11.Bg2 c6 12.O-O cxd5 13.cxd5 Nc5 14.Qc2 Bd7 15.b4 axb4
16.axb4 Na4 17.Rfc1 Rfc8 18.Qb3 b5 19.h3 Qd8 20.Qe3 Rc7 21.Nb3 Rac8 22.Rxc7 Rxc7
23.Na5 Qc8 24.Bf1 Rc3 25.Qe2 Bxh3 26.Nc6 Bxf1 27.Qxf1 Qb7 28.Qe2 g6 29.Kg2 Qb6
30.Ra2 Kg7 31.Rc2 Ng4 32.Ra2 Rc4 33.Ng5 Nf6 34.f3 Nd7 35.Nh3 Nb8 36.Nxb8 Qxb8
37.Nf2 Rxb4 38.Rc2 Nc5 39.Nd3 Nxd3 40.Qxd3 Qb6 41.Qd2 Rc4 42.Rb2 Qc5 43.Qa5 Rc2+
44.Rxc2 Qxc2+ 45.Kf1 Qc4+ 46.Kf2 b4 47.Qd8 Qc5+ 48.Kg2 b3 49.g4 h6 50.Qb8 Qa3
51.f4 exf4 52.Kf3 b2+ 53.Kxf4 g5+  0-1

[Event "SCT GM"]
[Site "Stockholm SWE"]
[Date "2009.06.20"]
[Round "4"]
[White "Ivanov,Sergey1"]
[Black "Miezis,N"]
[Result "0-1"]
[WhiteElo "2551"]
[BlackElo "2579"]

1.d4 Nf6 2.c4 e6 3.Nf3 Bb4+ 4.Bd2 a5 5.Nc3 b6 6.Bg5 Bb7 7.Nd2 h6 8.Bh4 Nc6
9.e3 Ne7 10.f3 Nf5 11.Bf2 c5 12.Bd3 cxd4 13.exd4 d5 14.a3 dxc4 15.Bxc4 Bxc3
16.Qa4+ Kf8 17.bxc3 Rc8 18.O-O g5 19.Qb3 g4 20.d5 Nxd5 21.fxg4 Rg8 22.h3 h5
23.Bxd5 Bxd5 24.Qxb6 Qxb6 25.Bxb6 hxg4 26.hxg4 Rxg4 27.Rf2 Rxc3 28.Nf1 a4
29.Re1 Kg8 30.Ne3 Re4 31.Rfe2 Ng3 32.Rd2 Rxa3 33.Kf2 Rb3 34.Kxg3 Rxb6 35.Nxd5 exd5
36.Red1 Rb3+ 37.Kf2 a3 38.Rxd5 Rb2+ 39.Kf3 Ree2 40.g4 a2 41.Ra5 Red2 42.Rc1 Rbc2
43.Re1 Rc3+ 44.Kf4 Rf2+ 45.Kg5 Kg7 46.Ra7 Rb3 47.Ra1 Rbb2 48.Kh4 Kg6 49.Ra6+ Kg7
50.Ra7 Rg2 51.Rc1 Rh2+ 52.Kg3 Rhc2 53.Ra1 Kg6 54.Ra6+ f6 55.Kh4 Rd2 56.Ra7 Rg2
57.Rf1 Rb3 58.Rh1 Rb1  0-1

[Event "Salongernas IM"]
[Site "Stockholm SWE"]
[Date "2009.06.23"]
[Round "7"]
[White "Petkevich,J"]
[Black "Terrieux,K"]
[Result "1/2-1/2"]
[WhiteElo "2423"]
[BlackElo "2449"]

1.Nf3 Nf6 2.c4 e6 3.d4 Bb4+ 4.Bd2 c5 5.Bxb4 cxb4 6.Nbd2 O-O 7.g3 Nc6 8.Bg2 d6
9.O-O e5 10.d5 Nb8 11.Ne1 a5 12.Nd3 Na6 13.a3 bxa3 14.Rxa3 Bd7 15.Qa1 a4
16.b3 axb3 17.Qb2 b5 18.Rfa1 Nc7 19.Rxa8 Nxa8 20.c5 dxc5 21.Nxc5 Nb6 22.Qxb3 e4  1/2-1/2

[Event "Petr Izmailov Mem"]
[Site "Tomsk RUS"]
[Date "2009.06.24"]
[Round "1"]
[White "Postnikov,A"]
[Black "Mikhalchenko,P"]
[Result "0-1"]
[WhiteElo "1957"]
[BlackElo "2355"]

1.d4 Nf6 2.c4 e6 3.Nf3 Bb4+ 4.Bd2 Qe7 5.a3 Bxd2+ 6.Nbxd2 d5 7.g3 Nbd7 8.Bg2 c5
9.Rc1 b6 10.O-O Bb7 11.Qa4 O-O 12.b4 e5 13.dxc5 bxc5 14.cxd5 Bxd5 15.Nc4 Bxc4
16.Rxc4 Nb6 17.Qb3 Nxc4 18.Qxc4 cxb4 19.Qxb4 Qxb4 20.axb4 e4 21.Nd4 Rfc8
22.b5 Kf8 23.f3 Rc4 24.Rd1 Re8 25.Nf5 Rc5 26.Nd6 Rd8 27.fxe4 Ne8  0-1

[Event "37th Greek Teams"]
[Site "Kallithea GRE"]
[Date "2009.07.07"]
[Round "7"]
[White "Dimitrov,At"]
[Black "Macieja,B"]
[Result "0-1"]
[WhiteElo "2345"]
[BlackElo "2612"]

1.d4 Nf6 2.c4 e6 3.Nf3 Bb4+ 4.Bd2 Qe7 5.g3 Nc6 6.Bg2 Bxd2+ 7.Qxd2 Ne4 8.Qc2 Qb4+
9.Nbd2 Nxd2 10.Qxd2 Qxc4 11.O-O Qb4 12.Qc2 d5 13.Rfd1 Qd6 14.Rac1 f5 15.Ne5 Bd7
16.e3 Rc8 17.Nxd7 Qxd7 18.Bf1 Nd8 19.b4 a6 20.a4 Nf7 21.Rd3 Nd6 22.Rc3 Kd8
23.b5 axb5 24.axb5 g5 25.f3 h5 26.b6 c6 27.Bd3 Qg7 28.Ra3 g4 29.Qc5 Qd7 30.fxg4 hxg4
31.Ra7 Ke7 32.Rf1 Kf6 33.Rfa1 Rcd8 34.R1a2 Qg7 35.Qc2 Qg5 36.Qf2 Rhe8 37.Qf4 Qxf4
38.gxf4 Rh8 39.Rg2 Rb8 40.Raa2 Nc8 41.Bf1 Nxb6 42.Rgb2 Nc8 43.Ra6 Nd6  0-1

[Event "8th Open"]
[Site "La Fere FRA"]
[Date "2009.07.07"]
[Round "5"]
[White "Gozzoli,Y"]
[Black "Noiroux,K"]
[Result "1-0"]
[WhiteElo "2498"]
[BlackElo "2145"]

1.d4 Nf6 2.c4 e6 3.Nf3 Bb4+ 4.Bd2 Qe7 5.g3 Nc6 6.Nc3 Bxc3 7.Bxc3 Ne4 8.Rc1 Nxc3
9.Rxc3 O-O 10.Bg2 d6 11.d5 Nb8 12.Nd2 e5 13.O-O a5 14.f4 f5 15.c5 e4 16.cxd6 cxd6
17.Nc4 Nd7 18.Qd4 b5 19.Nb6 Rb8 20.Nxd7 Bxd7 21.Rfc1 Rb7 22.Rc7 Rfb8 23.R1c6 b4
24.h4 g6 25.Bf1 e3 26.Bg2 Qf8 27.Rxb7 Rxb7 28.Bf3 a4 29.Rb6 Qb8 30.Rxb7 Qxb7
31.Qxe3 Kf7 32.Qe6+ Kg7 33.Qe7+ Kg8 34.h5 Bc8 35.Qxd6 b3 36.axb3  1-0

[Event "8th Open"]
[Site "La Fere FRA"]
[Date "2009.07.08"]
[Round "6"]
[White "Jimenez,Mart"]
[Black "Nepveu,M"]
[Result "0-1"]
[WhiteElo "1797"]
[BlackElo "2015"]

1.d4 Nf6 2.Nf3 e6 3.c4 Bb4+ 4.Bd2 a5 5.e3 b6 6.Bd3 Bb7 7.Nc3 Bxc3 8.Bxc3 Ne4
9.Bxe4 Bxe4 10.O-O O-O 11.Nd2 Bb7 12.e4 f5 13.f3 Qg5 14.Qe2 Na6 15.e5 Rae8
16.a3 a4 17.Rad1 Rf7 18.Nb1 f4 19.Bd2 Qh5 20.Nc3 Rf5 21.Nxa4 Ref8 22.Nc3 c5
23.Rde1 cxd4 24.Nb5 d3 25.Qxd3 Qh4 26.Qe2 Rh5 27.h3 Rg5 28.Kh1 Rff5 29.Qf2 Rg3
30.Re2 Bxf3 31.gxf3 Rxh3+ 32.Qh2 Rxe5 33.Qxh3 Qxh3+  0-1

[Event "1st WCT GM"]
[Site "Moscow RUS"]
[Date "2009.07.08"]
[Round "5"]
[White "Bagirov,R"]
[Black "Dvalishvili,P"]
[Result "1/2-1/2"]
[WhiteElo "2467"]
[BlackElo "2486"]

1.d4 Nf6 2.c4 e6 3.Nf3 Bb4+ 4.Bd2 Qe7 5.a3 Bxd2+ 6.Qxd2 b6 7.g3 Bb7 8.Bg2 O-O
9.Nc3 Ne4 10.Nxe4 Bxe4 11.Qf4 d5 12.cxd5 exd5 13.O-O c5 14.dxc5 bxc5 15.Ne5 Bxg2
16.Kxg2 Re8 17.Nd3 Nd7  1/2-1/2

[Event "8th Open"]
[Site "La Fere FRA"]
[Date "2009.07.09"]
[Round "7"]
[White "Auroy,D"]
[Black "Venkatesh,M"]
[Result "0-1"]
[WhiteElo "2000"]
[BlackElo "2426"]

1.d4 Nf6 2.c4 e6 3.Nf3 Bb4+ 4.Bd2 a5 5.Nc3 b6 6.g3 Bb7 7.Bg2 O-O 8.O-O d6
9.Rc1 Nbd7 10.Bg5 Bxc3 11.Rxc3 h6 12.Bxf6 Nxf6 13.Qc1 c5 14.Qe3 Qc7 15.Rfc1 Rfd8
16.Qf4 Rac8 17.dxc5 bxc5 18.Ne1 Bxg2 19.Nxg2 a4 20.g4 Qb7 21.b3 d5 22.g5 hxg5
23.Qxg5 Ne4 24.Qh5 Nxc3 25.Rxc3 dxc4 26.f4 Qd5 27.Qh4 Qd4+ 28.Re3 cxb3  0-1

[Event "IM"]
[Site "Condom FRA"]
[Date "2009.07.12"]
[Round "2"]
[White "Nanu,C"]
[Black "Delorme,Ax"]
[Result "1/2-1/2"]
[WhiteElo "2535"]
[BlackElo "2434"]

1.d4 e6 2.Nf3 Nf6 3.c4 Bb4+ 4.Bd2 c5 5.Bxb4 cxb4 6.e3 d6 7.a3 Nc6 8.axb4 Nxb4
9.Qa4+ Nc6 10.Nc3 O-O 11.Be2 a5 12.O-O Bd7 13.Qb3 Nb4 14.Na2 Nxa2 15.Rxa2 b6
16.Qa3 Bc6 17.Raa1 Qc7 18.Rfc1 e5 19.c5 bxc5 20.dxe5 Ne4 21.Bd3 dxe5 22.Bxe4 Bxe4
23.Rxc5 Qb7 24.Ne1 f6 25.f3 Bg6 26.Rxa5 Rxa5 27.Qxa5 Qxb2 28.Qa2+ Qxa2  1/2-1/2

[Event "19th Heart of Finland Open"]
[Site "Jyvaskyla FIN"]
[Date "2009.07.12"]
[Round "9"]
[White "Kunin,V"]
[Black "Lehtivaara,P"]
[Result "1/2-1/2"]
[WhiteElo "2532"]
[BlackElo "2369"]

1.d4 e6 2.Nf3 Nf6 3.c4 Bb4+ 4.Bd2 c5 5.Bxb4 cxb4 6.e3 O-O 7.a3 bxa3 8.Rxa3 d6
9.b4 b6 10.Be2 Nc6 11.b5 Na5 12.O-O Qc7 13.Nbd2 Bb7 14.Qa1 a6 15.bxa6 Bxa6
16.Rc1 Rfc8 17.Bf1 Qd8 18.h3 h6 19.Qb2 Rab8 20.Qa1 Ra8 21.Ra2 Rcb8 22.Qb1 Rc8
23.Rac2 Rab8 24.Qb2 Kh8 25.Rc3 Kg8 26.R1c2 d5 27.cxd5 Rxc3 28.Rxc3 Bxf1 29.Kxf1 Nxd5
30.Rc1 Rc8 31.Ne5 Rxc1+ 32.Qxc1 Qc7 33.Qxc7 Nxc7 34.Ke2 f6 35.Nd3 Kf7 36.Ne4 Ke7
37.h4 Nd5 38.Ng3 Nc6 39.Nc1 g5 40.hxg5  1/2-1/2

[Event "LTC Open A"]
[Site "Leiden NED"]
[Date "2009.07.12"]
[Round "3"]
[White "Sanikidze,T"]
[Black "Wohl,A"]
[Result "1-0"]
[WhiteElo "2559"]
[BlackElo "2387"]

1.d4 Nf6 2.c4 e6 3.Nf3 Bb4+ 4.Bd2 a5 5.Nc3 O-O 6.Bg5 d5 7.e3 Nbd7 8.Bd3 Re8
9.O-O c6 10.Qc2 h6 11.Bh4 Be7 12.Bg3 dxc4 13.Bxc4 b5 14.Bd3 Bb7 15.Rad1 Qb6
16.Ne5 Nxe5 17.Bxe5 Rec8 18.Bxf6 Bxf6 19.Ne4 Be7 20.Nc5 Rd8 21.Rd2 Rac8 22.Rc1 Ba8
23.Qd1 e5 24.Bf5 exd4 25.Bxc8 Bxc5 26.Bg4 Rd5 27.Qc2 Rg5 28.exd4 Bxd4 29.Re1 Re5
30.Rxe5 Bxe5 31.Qe4 Qb8 32.Re2 Bxh2+ 33.Kh1  1-0

[Event "ch-SUI"]
[Site "Graechen SUI"]
[Date "2009.07.15"]
[Round "7"]
[White "Kelecevic,N"]
[Black "Benkovic,P"]
[Result "1/2-1/2"]
[WhiteElo "2320"]
[BlackElo "2456"]

1.d4 Nf6 2.c4 e6 3.Nf3 Bb4+ 4.Bd2 Bxd2+ 5.Nbxd2 O-O 6.g3 d6 7.Bg2 Qe7 8.O-O e5
9.e4 Bg4 10.d5 a5 11.Qc2 Bxf3 12.Bxf3 c6 13.Bg2 Na6 14.Rac1 Rfc8 15.Qb1 Nc5
16.Bh3 Re8 17.Rfe1 g6 18.Qc2 Qc7 19.b3 Qb6 20.a3 Na6 21.Re3 Qc5 22.Qb2 h5
23.Rb1 Qb6 24.Qc2 Kg7 25.Qc3 h4 26.b4 hxg3 27.hxg3 Rh8 28.g4 axb4 29.axb4 cxd5
30.exd5 Qd4 31.Qxd4 exd4 32.Rd3 Rh4 33.Kg2 Rah8 34.Rg3 R4h7 35.Rd3 Nd7 36.Rbb3 Ne5
37.Rxd4 Nxb4 38.Ne4 Nc2 39.Rd1 Nxc4 40.Ng5 Rh4 41.Rc1 Nd4 42.Rxb7 Ne5 43.Rcc7 Ne2
44.Rxf7+ Nxf7 45.Rxf7+ Kg8 46.Rf6 Kg7 47.Rf7+ Kg8 48.Rf6 Kg7  1/2-1/2

[Event "Open"]
[Site "Rethymno GRE"]
[Date "2009.07.15"]
[Round "5"]
[White "Werle,J"]
[Black "Antic,De"]
[Result "1/2-1/2"]
[WhiteElo "2575"]
[BlackElo "2523"]

1.d4 e6 2.c4 Nf6 3.Nf3 Bb4+ 4.Bd2 c5 5.Bxb4 cxb4 6.g3 O-O 7.Bg2 d6 8.O-O Nc6
9.a3 bxa3 10.Nxa3 e5 11.b4 e4 12.Ng5 Bf5 13.b5 Ne7 14.f3 exf3 15.exf3 Rc8
16.Ne4 Ng6 17.Nxf6+ Qxf6 18.f4 Rc7 19.Qd2 Re8 20.Rae1 Rce7 21.Rxe7 Qxe7 22.Rc1 b6  1/2-1/2

[Event "6th South Wales Int"]
[Site "Treforest WLS"]
[Date "2009.07.16"]
[Round "8"]
[White "Arkell,K"]
[Black "Miezis,N"]
[Result "1/2-1/2"]
[WhiteElo "2521"]
[BlackElo "2572"]

1.d4 Nf6 2.Nf3 e6 3.c4 Bb4+ 4.Bd2 a5 5.g3 O-O 6.Bg2 d5 7.Qc2 c5 8.cxd5 cxd4
9.Nxd4 exd5 10.a3 Bxd2+  1/2-1/2

[Event "4th Summer Cup"]
[Site "Porto Carras GRE"]
[Date "2009.07.18"]
[Round "1"]
[White "Mantikos,K"]
[Black "Nikolaidis,K"]
[Result "0-1"]
[WhiteElo "1684"]
[BlackElo "2270"]

1.d4 Nf6 2.c4 e6 3.Nf3 Bb4+ 4.Bd2 c5 5.e3 b6 6.a3 Bxd2+ 7.Nbxd2 Bb7 8.Bd3 O-O
9.O-O d6 10.Qc2 Nbd7 11.Rfe1 Rc8 12.Rac1 Rc7 13.Qb1 Qa8 14.b3 h6 15.h3 Re8
16.Bf1 Ne4 17.Qb2 Ng5 18.Nxg5 hxg5 19.e4 e5 20.d5 Nf8 21.Be2 Ng6 22.Bg4 Nf4
23.Re3 Bc8 24.Bxc8 Qxc8 25.Rg3 Ne2+ 26.Kh2 Nxg3 27.fxg3 Rb7 28.Rf1 Qd7 29.g4 Reb8
30.Qc1 f6 31.a4 a6 32.Qe1 b5 33.axb5 axb5 34.cxb5 Rxb5 35.Qg3 Rb4 36.Qd3 Rd4
37.Qe2 Rxd2 38.Qxd2 Rxb3 39.Rf3 Rb4 40.Re3 Qa4 41.Qf2 Rxe4 42.Rxe4 Qxe4 43.Qa2 Kh7
44.Qa8 Qf4+ 45.Kg1 e4 46.Qe8 Qe5 47.Qxe5 fxe5 48.Kf2 c4 49.Ke2 c3 50.Ke3 Kg6
51.Ke2 Kf6 52.Ke3 Ke7 53.g3 Kd7 54.h4 Kc7  0-1

[Event "XXVII Andorra Open"]
[Site "Arinsal AND"]
[Date "2009.07.19"]
[Round "2"]
[White "Costa,Pa"]
[Black "Delorme,Ax"]
[Result "0-1"]
[WhiteElo "2174"]
[BlackElo "2434"]

1.Nf3 Nf6 2.c4 e6 3.d4 Bb4+ 4.Bd2 c5 5.Bxb4 cxb4 6.g3 d6 7.Bg2 O-O 8.O-O Nc6
9.a3 bxa3 10.Rxa3 e5 11.d5 Nb4 12.Nc3 Bg4 13.h3 Bxf3 14.Bxf3 Nd7 15.Nb5 Qb6
16.Qd2 a5 17.Rfa1 f5 18.e3 Nc5 19.Nc3 Ra6 20.Na4 Nxa4 21.Rxa4 Qc5 22.b3 Raa8
23.Kh2 b6 24.Bg2 Rae8 25.Re1 Re7 26.Raa1 e4 27.Bf1 g5 28.Be2 Re5 29.f4 exf3
30.Bxf3 h6 31.Re2 Qc7 32.Rae1 Na6 33.Qc2 Nc5 34.e4 f4 35.g4 Nd7 36.Qa2 Re7
37.Kg2 Ne5 38.Rd1 Qd7 39.Qa1 h5 40.Rh1 Rg7 41.Qd4 hxg4 42.hxg4 Nxg4 43.e5 Nxe5
44.Rxe5 dxe5 45.Qxe5 Re8 46.Qd4 g4  0-1

[Event "32nd Taminco Open"]
[Site "Ghent BEL"]
[Date "2009.07.19"]
[Round "3"]
[White "Goormachtigh,J"]
[Black "Windels,J"]
[Result "1/2-1/2"]
[WhiteElo "2230"]
[BlackElo "1983"]

1.d4 e6 2.c4 Nf6 3.Nf3 Bb4+ 4.Bd2 Qe7 5.g3 Nc6 6.Nc3 O-O 7.Bg2 Bxc3 8.Bxc3 Ne4
9.Rc1 d6 10.O-O Nxc3 11.Rxc3 e5 12.d5 Nb8 13.Qc2 a5 14.e4 f5 15.exf5 Bxf5
16.Qe2 Bg4 17.h3 Bxf3 18.Bxf3 Nd7 19.Bg4 Nc5 20.f4 Qf6 21.fxe5 Qxf1+ 22.Qxf1 Rxf1+
23.Kxf1 dxe5 24.Re3 Re8 25.Be6+ Nxe6 26.dxe6 Rxe6 27.Ke2 Kf7 28.Kd3 Rg6 29.Ke4  1/2-1/2

[Event "13th Battle of Senta Open A"]
[Site "Senta SRB"]
[Date "2009.07.19"]
[Round "2"]
[White "Jovanovic,Zo1 SCG"]
[Black "Brankov,Kri"]
[Result "1-0"]
[WhiteElo "2325"]
[BlackElo "1902"]

1.d4 Nf6 2.c4 e6 3.Nf3 Bb4+ 4.Bd2 Qe7 5.g3 Nc6 6.Bg2 O-O 7.O-O Bxd2 8.Qxd2 d6
9.Nc3 e5 10.Rfc1 Re8 11.d5 Nb8 12.b4 Ng4 13.e4 f5 14.exf5 Bxf5 15.Ng5 h6
16.Ne6 Bxe6 17.dxe6 c6 18.Bh3 Nf6 19.b5 a6 20.a4 Rd8 21.Qe3 g5 22.Bf5 Ne8
23.h4 Ng7 24.Bh3 Nxe6 25.Bxe6+ Qxe6 26.hxg5 Nd7 27.gxh6 Kh7 28.Ne4 Qxh6 29.Qxh6+ Kxh6
30.Nxd6 Rf8 31.Nxb7 cxb5 32.axb5 axb5 33.Rxa8 Rxa8 34.cxb5 Kg5 35.Nd6 Ra2
36.Nc4 e4 37.b6 Nxb6 38.Nxb6 e3 39.Rc5+ Kg4 40.Rc4+ Kf3 41.Rf4+ Ke2 42.Nd5 Ra1+
43.Kg2 exf2 44.Rxf2+ Kd3 45.Kf3 Kd4 46.Ne3 Ke5 47.Kg4 Ra4+ 48.Kg5 Ra8 49.Ng4+ Ke4
50.Rf4+ Kd5 51.Kf5 Kd6 52.Re4 Ra3 53.Re6+ Kd7 54.Ne5+ Kd8 55.g4 Ra1 56.g5 Rf1+
57.Kg6 Rg1 58.Kh7 Rh1+ 59.Kg7 Rg1 60.Kf8 Rf1+ 61.Nf7+ Kd7 62.Re7+ Kc8 63.g6  1-0

[Event "13th Battle of Senta Open A"]
[Site "Senta SRB"]
[Date "2009.07.19"]
[Round "3"]
[White "Iveljic,I"]
[Black "Nestorovic,De"]
[Result "1/2-1/2"]
[WhiteElo "2278"]
[BlackElo "2405"]

1.Nf3 Nf6 2.d4 e6 3.c4 Bb4+ 4.Bd2 Qe7 5.g3 Bxd2+ 6.Qxd2 d6 7.Nc3 O-O 8.Bg2 e5
9.O-O c6 10.Rad1 e4 11.Ne1 Bf5 12.Nc2 Na6 13.Ne3 Bg6 14.Rb1 Nc7 15.b4 d5
16.cxd5 cxd5 17.a4 Rad8 18.Qa2 Qd6 19.a5 Ne6 20.Qd2 b6 21.Rfc1 h5 22.Na4 Ng4
23.Bh3 Nxe3 24.Qxe3 Rc8 25.axb6 axb6 26.b5 Rc7 27.Bxe6 fxe6 28.Rxc7 Qxc7
29.Rc1 Qa7 30.Nc3 Rc8 31.Nd1 Rxc1 32.Qxc1 Qa4 33.Qc8+ Kh7 34.Ne3 Qxd4 35.Qxe6 Qa1+
36.Kg2 d4 37.Nd5 d3 38.Ne7 Qf6 39.Qxf6 gxf6 40.exd3 exd3 41.Kf3 Be8 42.Nc6 Bf7
43.Ke3 Bc4 44.Na7 Kg6 45.Nc8 Bxb5 46.Nxb6 h4 47.Nd5 hxg3 48.hxg3 Kg5 49.Nc3 Ba6
50.Ne4+ Kf5 51.f3 Ke5 52.f4+ Kf5 53.Nf2 Bb5 54.g4+ Kg6 55.Nxd3 Bd7 56.Kf3 Bb5
57.Nf2 Bc6+ 58.Kg3 Bd7 59.Nd1 Bc6 60.Ne3 Be4 61.Ng2 Bc6 62.Nh4+ Kf7 63.Kf2 Ba4
64.Nf5 Kg6 65.Ne3 Bc6 66.Nc4 Bd5 67.Nd6 Bc6 68.Kg3 Bd5 69.Kh4 Bc6 70.Nf5 Be4
71.Nd4 Bd5 72.f5+ Kh6 73.Kg3 Bb7 74.Kf4 Bd5 75.Ne6 Bc6 76.Nc7 Kg7 77.Ke3 Ba4
78.Ke4 Bc6+ 79.Kf4 Kh6 80.Na6 Kg7 81.g5 fxg5+ 82.Kxg5 Kf7  1/2-1/2

[Event "Najdorf Mem Open"]
[Site "Warsaw POL"]
[Date "2009.07.19"]
[Round "2"]
[White "Olejarczyk,B"]
[Black "Zwolakiewicz,K"]
[Result "0-1"]
[WhiteElo "2159"]
[BlackElo "2057"]

1.d4 Nf6 2.Nf3 e6 3.c4 Bb4+ 4.Bd2 Qe7 5.Nc3 O-O 6.Qc2 d6 7.a3 Bxc3 8.Bxc3 Nc6
9.e3 e5 10.dxe5 dxe5 11.Be2 a5 12.b3 Bg4 13.O-O Rfe8 14.Rfd1 Bh5 15.Bb2 Bg6
16.Qc1 h6 17.Ne1 Rad8 18.Rxd8 Rxd8 19.f3 Nd7 20.Qc3 Nc5 21.b4 Na4 22.Qc1 axb4
23.axb4 Nxb2 24.Qxb2 Qxb4 25.Qxb4 Nxb4 26.Ra7 Rb8 27.c5 Kf8 28.e4 Nc6 29.Ra2 Nd4
30.Bc4 f6 31.Rb2 Be8 32.Nd3 b5 33.Ba2 Bf7 34.Kf2 Ra8 35.Bxf7 Kxf7 36.Nb4 Ra3
37.Nc2 Nxc2 38.Rxc2 c6 39.Ke2 Ke7 40.Kd2 g6 41.Ke2 Ra4 42.h3 h5 43.h4 f5
44.Ke3 f4+ 45.Ke2 Rd4 46.Kf2 Kf6 47.Ke2 g5 48.Rc3 gxh4 49.Rc2 Kg5 50.Kf2 Rc4
51.Rd2 Rxc5 52.Rd8 Rc2+ 53.Kg1 h3 54.Re8 Rxg2+ 55.Kf1 Rg3  0-1

[Event "Najdorf Mem Open"]
[Site "Warsaw POL"]
[Date "2009.07.22"]
[Round "5"]
[White "Krysztofiak,M"]
[Black "Matuszewski,M"]
[Result "1-0"]
[WhiteElo "2427"]
[BlackElo "2301"]

1.d4 Nf6 2.c4 e6 3.Nf3 Bb4+ 4.Bd2 Qe7 5.Nc3 Nc6 6.a3 Bxc3 7.Bxc3 Ne4 8.Qc2 f5
9.e3 O-O 10.Bd3 Nxc3 11.Qxc3 d6 12.d5 Nd8 13.dxe6 f4 14.O-O fxe3 15.Rae1 exf2+
16.Rxf2 Nxe6 17.c5 d5 18.c6 Rb8 19.cxb7 Rxb7 20.Qc6 Rd8 21.Qc2 g6 22.Ne5 Nf8
23.Qc3 Re8 24.Ree2 Be6 25.Ng4 Bxg4 26.Rxe7 Rxe7 27.Rxf8+ Kxf8 28.Qh8+ Kf7
29.Qxh7+ Kf8 30.Qh6+ Rg7 31.Qf4+ Bf5 32.g4 Rb3 33.Bf1 Rxb2 34.gxf5 gxf5+
35.Kh1 Rf7 36.Qc1 Rb6 37.Qc5+ Kg7 38.Qxd5 f4 39.Bc4 Rb1+ 40.Kg2  1-0

[Event "zt 3.3"]
[Site "Ho Chi Minh City VIE"]
[Date "2009.07.23"]
[Round "2"]
[White "Pham Chuong"]
[Black "Torre,E"]
[Result "1/2-1/2"]
[WhiteElo "2364"]
[BlackElo "2560"]

1.d4 Nf6 2.Nf3 e6 3.c4 Bb4+ 4.Bd2 Qe7 5.g3 Nc6 6.Bg2 Bxd2+ 7.Nbxd2 d6 8.O-O a5
9.e4 e5 10.d5 Nb8 11.b3 Na6 12.a3 O-O 13.b4 Bg4 14.Qb3 c6 15.Rfc1 axb4 16.axb4 Bxf3
17.Bxf3 c5 18.b5 Nb4 19.Ra4 Rfb8 20.Rca1 Qd8 21.Bd1 Nd7 22.h4 h6 23.Ra7 Nb6
24.R1a5 Rxa7 25.Rxa7 Nc8 26.Ra4 Nb6 27.Ra7 Nc8 28.Ra4 Nb6  1/2-1/2